000 00373nam a22001577a 4500
003 MPLRDC
005 20220104124149.0
008 210129b ||||| |||| 00| 0 eng d
082 _a855 SCW
100 _a沈从文等著
245 _a文学家的情书
_c
260 _a
_b蓝天书屋
_c
300 _b
650 _a散文;随笔、日记
942 _cBK
_o855 SCW
999 _c17142
_d17132